000 00765nam a2200277Ia 4500
001 34473
005 20240114001731.0
007 ta
008 140811s1991 ii a g b000 u asm u
040 _aCotton College,Assam
041 _aasm
082 _a923
_bBo 644 Sa
100 _aBardoloi, Kumud Chandra .
245 0 _aSadaraminor Atmajibani /
_cKumud Chandra Bardoloi.
_hTextual Documents
250 _a1st ed. /
260 _aGuwahati :
_bLawyers Book Stall ,
_c1991.
300 _a320p. :
_bill ;
_c22cm .
653 _aBiography-Sadaraminor Atmajibani
653 _aSadaraminor Atmajibani-Biography
653 _aG-Biography
942 _2ddc
_cBK
999 _c34455
_d34455